Spurgeon’s Sorrows: Realistic Hope for those who Suffer from Depression (Record no. 49094)
| 000 -LEADER | |
|---|---|
| fixed length control field | 00405nam a22001217a 4500 |
| 008 - FIXED-LENGTH DATA ELEMENTS--GENERAL INFORMATION | |
| fixed length control field | 250804b |||||||| |||| 00| 0 eng d |
| 020 ## - INTERNATIONAL STANDARD BOOK NUMBER | |
| International Standard Book Number | 9781781915387 |
| 100 ## - MAIN ENTRY--PERSONAL NAME | |
| Personal name | Zack Eswine (Author) |
| 9 (RLIN) | 86441 |
| 245 ## - TITLE STATEMENT | |
| Title | Spurgeon’s Sorrows: Realistic Hope for those who Suffer from Depression |
| 260 ## - PUBLICATION, DISTRIBUTION, ETC. (IMPRINT) | |
| Place of publication, distribution, etc | United Kingdom |
| Name of publisher, distributor, etc | Christian Focus |
| Date of publication, distribution, etc | 2015 |
| 300 ## - PHYSICAL DESCRIPTION | |
| Extent | 144 pages |
| Other physical details | col. ill. |
| Dimensions | 5 x 0.3 x 7.7 inches |
| 942 ## - ADDED ENTRY ELEMENTS (KOHA) | |
| Source of classification or shelving scheme | |
| Withdrawn status | Lost status | Source of classification or shelving scheme | Damaged status | Not for loan | Collection code | Home library | Current library | Date acquired | Total Checkouts | Full call number | Barcode | Date last seen | Price effective from | Koha item type |
|---|---|---|---|---|---|---|---|---|---|---|---|---|---|---|
| Non-Fiction | Asian Hope Siem Reap | Asian Hope Siem Reap | 08/04/2025 | NFIC ZAC | 209086 | 08/04/2025 | 08/04/2025 | Book |